000 00856nam a2200253Ia 4500
003 OSt
005 20220923224609.0
006 a|||||r|||| 00| 0
007 ta
008 220922b |||||||| |||| 00| 0 hin d
020 _c225
024 _a245,200
037 _b368, 11/02/2011, Swaraj Prakashan
_cTextual
040 _aARTS
_cARTS
_bhin
041 _2hin
_ahin
082 _aT9(Y72).2, 152P7
100 _aजोशी, रामशरण
_9156291
245 0 _aआदिवासी समाज और शिक्षा
246 _aĀdivāsī samāj aur shikṣhā
260 _aनई दिल्ली
_b ग्रंथ शिल्पी
_c2007
300 _a182पृ.
_ccm.
942 _hT9(Y72).2, 152P7
_cTEXL
_2CC
999 _c372403
_d372403